000 00661nam a2200265Ia 4500
005 20260121170150.0
008 008 260114s9999 xx 000 0 eng d
020 _a9783319656755
037 _aEBOOK
040 _aCRL
040 _beng
040 _cCRL
041 _2eng
041 _aeng
084 _qCRL
100 _aIƱaki Heras-Saizarbitoria
_91060586
245 0 _aISO 9001, ISO 14001, and New Management Standards
260 _bSpringer
260 _bSpringer
260 _c2018
856 _uhttps://link.springer.com/openurl?genre=book&isbn=978-3-319-65675-5
942 _cEBOOK
999 _c1626315
_d1626315